Ralentizar o acelerar: Yves Citton
Este artículo examina los dilemas y desafíos que enfrentan las izquierdas en el siglo XXI en términos de su enfoque en la velocidad del cambio social y político. El autor explora cómo las izquierdas pueden enfrentar tensiones entre la necesidad de cambios rápidos para abordar problemas urgentes y la...
Uloženo v:
| Hlavní autor: | |
|---|---|
| Médium: | Kniha |
| Jazyk: | Spanish |
| Témata: | |
| On-line přístup: | texto completo desde el sitio de la revista |
| Tagy: |
Přidat tag
Žádné tagy, Buďte první, kdo vytvoří štítek k tomuto záznamu!
|
MARC
| LEADER | 00000nam a22000007a 4500 | ||
|---|---|---|---|
| 003 | cru CIDCACS/IIS | ||
| 005 | 20230902191351.0 | ||
| 007 | ta | ||
| 008 | 190919s2019 ag |||p|r||||||0| ||spa|d | ||
| 040 | |c cru CIDCACS/IIS | ||
| 100 | 1 | |9 8542 |a Citton, Yves | |
| 245 | 1 | |a Ralentizar o acelerar: |c algunos dilemas de las izquierdas del siglo XXI / |b Yves Citton | |
| 300 | |a páginas 159-171 | ||
| 520 | |a Este artículo examina los dilemas y desafíos que enfrentan las izquierdas en el siglo XXI en términos de su enfoque en la velocidad del cambio social y político. El autor explora cómo las izquierdas pueden enfrentar tensiones entre la necesidad de cambios rápidos para abordar problemas urgentes y la importancia de asegurar que esos cambios sean sostenibles y justos en el largo plazo. Se analiza cómo los movimientos sociales y políticos de izquierda a menudo se debaten entre la urgencia de la acción inmediata y la necesidad de construir una base sólida para transformaciones duraderas. También se discute cómo las tecnologías digitales y la aceleración del ritmo de vida contemporáneo influyen en las estrategias de la izquierda y cómo estas pueden adaptarse para evitar la trampa de la velocidad superficial en busca de cambios más profundos y significativos. El artículo plantea interrogantes sobre cómo las izquierdas pueden equilibrar la rapidez y la reflexión en su búsqueda de transformaciones sociales y políticas efectivas. RAR 11/2022 | ||
| 650 | 0 | |2 OCDE |9 4498 |a IZQUIERDA | |
| 650 | 4 | |2 OCDE |9 1933 |a CAMBIO SOCIAL | |
| 650 | 0 | |2 OCDE |9 1698 |a TECNOLOGIA | |
| 650 | 0 | |2 OCDE |9 3 |a MOVIMIENTOS SOCIALES | |
| 650 | 0 | |2 UNESCO |9 2130 |a JUSTICIA SOCIAL | |
| 650 | 0 | |2 UNESCO |9 7931 |a ESTRATEGIAS | |
| 773 | 0 | |0 19022 |9 2892 |a Fundación Friedrich Ebert |d Fundación Friedrich Ebert; Nueva Sociedad |o 17018 |t Nueva Sociedad / | |
| 856 | |u https://www.nuso.org/media/articles/downloads/12.TC_Citton_279.pdf |y texto completo desde el sitio de la revista | ||
| 942 | |2 ddc |c PP | ||
| 999 | |c 42368 |d 42368 | ||
